Thermohydromechanical simulations of the natural cooling stage of the Tunnel Sealing Experiment

Podrobná bibliografia
Hlavní autori: Guo, Ruiping (Author), Dixon, David (Author)
Médium: Článok
Jazyk:English
Témy:
Zdroj: 1. Engineering geology 1. 0013-7952 1. Roč. 85, č. 3-4 (jún 2006), s. 313-331
LEADER 01138nab#a2200361#ar4500
001 000079982
003 SVKKK
005 20060726141527.0
008 c2006 ne e eng
FMT
015 |a SNBRB2006/07-ccccc 
038 |a SVKKK 
040 |a SVKKK  |b slo  |e AACR2 
041 0 |a eng  |b eng 
044 |a ne  |c NL 
080 |a 004.942  |2 1997 
080 |a 628.398  |2 1997 
080 |a 666.322  |2 1997 
100 1 |a Guo, Ruiping  |4 aut 
242 1 0 |a Termohydromechanické simulácie etapy prirodzeného ochladzovania v experimentálnom uzatvorení tunela 
245 1 0 |a Thermohydromechanical simulations of the natural cooling stage of the Tunnel Sealing Experiment  |c Ruiping Guo, David Dixon 
300 |b Obr., tab. 
504 |a Bibliogr. odkazy 
504 |a Res. angl. 
650 0 4 |a úložiská rádioaktívneho odpadu  |x uzatvorenie experimentálne  |x bentonit  |x modelovanie termohydromechanické 
700 1 |a Dixon, David  |4 aut 
773 0 |t Engineering geology  |x 0013-7952  |g Roč. 85, č. 3-4 (jún 2006), s. 313-331 
958 |a NB 
992 |a RBX 
BAS
852 |a SVKKK  |b BIB 
EXP
998 |a GEO